000 00683nam a2200217Ia 4500
001 2567
003 GE_BSU
008 181216s||||||||xx |||||||||||||| ||und||
020 _a9789941015137
040 _cGE_BSU
080 _a336.763
100 _aქოქიაური, ლამარა; შონია, ნანა;
245 _aფასიანი ქაღალების ბაზარი.
260 _aთბილისი
260 _bთბილისის სახ.უნ–ტი
260 _c2008
300 _a437 გვ.
541 _h30 ლ.
653 _aფასიანი ქაღალების ბაზარი.
942 _cBK
999 _c36647
_d36647